<?xml version="1.0" encoding="UTF-8"?>
<record
    xmlns:xsi="http://www.w3.org/2001/XMLSchema-instance"
    xsi:schemaLocation="http://www.loc.gov/MARC21/slim http://www.loc.gov/standards/marcxml/schema/MARC21slim.xsd"
    xmlns="http://www.loc.gov/MARC21/slim">

  <leader>01162nam a22002657a 4500</leader>
  <controlfield tag="005">20101206113148.0</controlfield>
  <controlfield tag="008">101206t        xxu||||| |||| 00| 0 hin d</controlfield>
  <datafield tag="010" ind1=" " ind2=" ">
    <subfield code="a">HIN-91353</subfield>
  </datafield>
  <datafield tag="020" ind1=" " ind2=" ">
    <subfield code="c">300.00</subfield>
  </datafield>
  <datafield tag="035" ind1=" " ind2=" ">
    <subfield code="a">HN-63699</subfield>
  </datafield>
  <datafield tag="037" ind1=" " ind2=" ">
    <subfield code="b">DBAD/PUB</subfield>
  </datafield>
  <datafield tag="040" ind1=" " ind2=" ">
    <subfield code="a">DPL</subfield>
    <subfield code="b">HN</subfield>
  </datafield>
  <datafield tag="082" ind1=" " ind2=" ">
    <subfield code="a">420</subfield>
  </datafield>
  <datafield tag="100" ind1=" " ind2=" ">
    <subfield code="9">24598</subfield>
    <subfield code="a">&#x92A;&#x93E;&#x930;&#x940;&#x915;, &#x930;&#x935;&#x93F;&#x936;&#x947;&#x916;&#x930;</subfield>
  </datafield>
  <datafield tag="245" ind1=" " ind2=" ">
    <subfield code="a">&#x92E;&#x93F;&#x924;&#x94D;&#x930;&#x94B;&#x902; &#x915;&#x947; &#x92A;&#x924;&#x94D;&#x930;&#x903;</subfield>
    <subfield code="c">&#x930;&#x935;&#x93F;&#x936;&#x947;&#x916;&#x930; &#x92A;&#x93E;&#x930;&#x940;&#x915;</subfield>
    <subfield code="b">&#x915;&#x93E;&#x932;&#x93E;&#x935;&#x927;&#x93F;&#x903; 30.7.21 &#x938;&#x947; 27.12.25 /</subfield>
  </datafield>
  <datafield tag="246" ind1=" " ind2=" ">
    <subfield code="a">Mitron ke patra</subfield>
    <subfield code="b">by Ravi Shekhar Pareek</subfield>
  </datafield>
  <datafield tag="260" ind1=" " ind2=" ">
    <subfield code="a">&#x92C;&#x940;&#x915;&#x93E;&#x928;&#x947;&#x930;</subfield>
    <subfield code="b">&#x92A;&#x93E;&#x91F;&#x933; &#x92A;&#x94D;&#x930;&#x915;&#x93E;&#x936;&#x928;</subfield>
    <subfield code="c">2008</subfield>
  </datafield>
  <datafield tag="270" ind1=" " ind2=" ">
    <subfield code="b">&#x92C;&#x940;&#x915;&#x93E;&#x928;&#x947;&#x930;</subfield>
    <subfield code="a">&#x938;&#x942;&#x930;&#x938;&#x93E;&#x917;&#x930;, &#x92C;&#x93E;&#x930;&#x939; &#x92E;&#x939;&#x93E;&#x926;&#x947;&#x935; &#x92E;&#x902;&#x926;&#x93F;&#x930; &#x915;&#x947; &#x92A;&#x93E;&#x938;, &#x92A;&#x93E;&#x930;&#x940;&#x915; &#x939;&#x93E;&#x909;&#x938;</subfield>
    <subfield code="e">334001 (&#x930;&#x93E;&#x91C;)</subfield>
    <subfield code="k">011- 732- 8413030</subfield>
  </datafield>
  <datafield tag="300" ind1=" " ind2=" ">
    <subfield code="a">234&#x92A;&#x943;.</subfield>
    <subfield code="c">22&#x938;&#x947;&#x92E;&#x940; (&#x938;&#x91C;&#x93F;&#x932;&#x94D;&#x926;)</subfield>
  </datafield>
  <datafield tag="650" ind1=" " ind2=" ">
    <subfield code="9">1169</subfield>
  </datafield>
  <datafield tag="700" ind1=" " ind2=" ">
    <subfield code="9">24599</subfield>
  </datafield>
  <datafield tag="700" ind1=" " ind2=" ">
    <subfield code="9">24924</subfield>
  </datafield>
  <datafield tag="942" ind1=" " ind2=" ">
    <subfield code="2">ddc</subfield>
    <subfield code="c">HN</subfield>
    <subfield code="m">&#x92A;&#x93E;&#x930;&#x940;&#x915;</subfield>
  </datafield>
  <datafield tag="999" ind1=" " ind2=" ">
    <subfield code="c">49335</subfield>
    <subfield code="d">49335</subfield>
  </datafield>
  <datafield tag="952" ind1=" " ind2=" ">
    <subfield code="0">0</subfield>
    <subfield code="1">0</subfield>
    <subfield code="2">ddc</subfield>
    <subfield code="4">0</subfield>
    <subfield code="7">1</subfield>
    <subfield code="8">NFIC</subfield>
    <subfield code="a">DBAD</subfield>
    <subfield code="b">DBAD</subfield>
    <subfield code="d">2010-12-20</subfield>
    <subfield code="e">DBAD /PUB</subfield>
    <subfield code="g">300.00</subfield>
    <subfield code="l">0</subfield>
    <subfield code="o">420&#x92A;&#x93E;&#x930;&#x940;&#x915;</subfield>
    <subfield code="p">HN-63699</subfield>
    <subfield code="r">2010-12-20 00:00:00</subfield>
    <subfield code="t">1</subfield>
    <subfield code="v">300.00</subfield>
    <subfield code="y">HN</subfield>
  </datafield>
</record>
